| 000 | 00536nam a22001577a 4500 | ||
|---|---|---|---|
| 005 | 20250513140019.0 | ||
| 008 | 250513b |||||||| |||| 00| 0 eng d | ||
| 037 | _cTextual | ||
| 040 |
_aRTL _cRTL |
||
| 084 |
_aR1, H6; K5/NTI _qRTL |
||
| 100 |
_aTarski, Alfred _9784187 |
||
| 245 | _aIntroduction to logic and to the methodology of deuctive science | ||
| 260 |
_aNew York _bOxford university press _c1965 |
||
| 300 |
_axviii, 252 p. _bincludes bibliographical references and indexes |
||
| 942 |
_2CC _cTB _hR1, H6; K5/NTI _n0 |
||
| 999 |
_c1400787 _d1400787 |
||